Economic policy and development ; a collection of writings.

Bibliographic Details
Main Author: Gadgil, D. R. (Dhananjaya Ramchandra), 1901-1971
Format: Book
Language:English
Published: [Poona], [publisher not identified] ; 1955.
Series:Gokhale Institute of Politics and Economics. Publication, no. 30
Subjects:

MARC

Tag First Indicator Second Indicator Subfields
LEADER 00000cam a2200000 4500
001 in00000065861
005 20151008050743.0
008 760415s1955 ii 00000 eng d
010 |a a 55008696  
035 |a (OCoLC)02113772 
035 |9 AAG3114AM 
040 |a EAU  |c EAU  |d TXA  |d UtOrBLW 
049 |a TXAM  |c [261011] 
090 |a HC435.2  |b .G23 
092 |a 330.954  |b G124e 
100 1 |a Gadgil, D. R.  |q (Dhananjaya Ramchandra),  |d 1901-1971. 
245 1 0 |a Economic policy and development ;  |b a collection of writings. 
264 1 |a [Poona],  |b [publisher not identified] ;  |c 1955. 
300 |a 248 pages :  |b illustrations 
336 |a text  |b txt  |2 rdacontent 
337 |a unmediated  |b n  |2 rdamedia 
338 |a volume  |b nc  |2 rdacarrier 
490 0 |a Gokhale Institute of Politics and Economics. Publication, no. 30 
500 |a Bibliographical footnotes. 
651 0 |a India  |x Economic policy. 
999 |a MARS 
999 f f |s 5dd3bdb9-f779-34bf-b5db-b6e9bc538351  |i 936ac695-a1c5-3bf9-b412-09d97eca2172  |t 0 
952 f f |p ric  |a Texas A&M University  |b Rellis Campus  |c Joint Library Facility  |d Remote Storage  |t 0  |e HC435.2 .G23  |h Library of Congress classification  |i unmediated -- volume  |m A14800704229 
998 f f |a HC435.2 .G23  |t 0  |l Remote Storage